000
00237nam a2200097Ia 4500
005
20251222114347.0
008
251222s1900||||xx |||||||||||||| ||spa||
082
_a
DVD0070/C38/2002
245
0
_a
El amigo americano:Ripley's Game
942
_c
DVD
999
_c
1094
_d
1094